| 000 | 01013nam a22002297a 4500 | ||
|---|---|---|---|
| 005 | 20120614170415.0 | ||
| 008 | 081007t xxu||||| |||| 00| 0 mar d | ||
| 010 | _aMAR-22461 | ||
| 020 | _c170.00 | ||
| 035 | _aMR-15119 | ||
| 037 | _bD.B.Act /pub | ||
| 082 | _a294.363 | ||
| 100 |
_949115 _aदहिवाले, जी.के. |
||
| 245 |
_aधम्ममार्ग जीवन मीमांसा / _cजी.के.दहिवाले |
||
| 246 |
_bby G.J.Dahiwile _aDhammamarg Jeevan Meemamsa |
||
| 260 |
_aऔरंगाबाद _bकौशल्य प्रकाशन _c2011 |
||
| 270 |
_bऔरंगाबाद _aएन-11,सी-3/24/3,हडको, _e431003 |
||
| 300 |
_a124पृ. _c22सेमी(सजिल्द) |
||
| 650 | _951648 | ||
| 942 |
_2ddc _cMR _mदहिवा _h294.363 |
||
| 999 |
_c69469 _d69469 |
||